| 000 | 00000nam##2200000za#4500 |
| 001 | 9.637670 |
| 003 | CaOODSP |
| 005 | 20210624221319 |
| 007 | cr ||||||||||| |
| 008 | 150407|2000||||xxc|||||o f|0| 0 fre|d |
| 040 | |aCaOODSP|bfre |
| 043 | |an-cn--- |
| 086 | 1 |aCH4-150/2010F-PDF |
| 110 | 1 |aCanada. |bPatrimoine canadien. |
| 245 | 10|aQu'y a-t-il de différent à propos des produits culturels? : |h[ressource électronique]|bun cadre économique / |cpréparé par Jeff Dayton-Johnson pour la Recherche et analyse stratégiques, Planification stratégique et coordination des politiques, Ministère du Patrimoine canadien. |
| 260 | |aHull - Québec : |bPatrimoine canadien |c2000. |
| 300 | |a49p.|btableaux |
| 504 | |aBibliographie. |
| 590 | |a10-05-Supp|b2010-07-20 |
| 691 | 07|aPatrimoine culturel|2gcpds |
| 720 | 1 |aDayton-Johnson, Jeff |
| 775 | 08|tWhat's different about cultural products? : |w(CaOODSP)9.693490 |
| 856 | 40|ahttp://publications.gc.ca|qPDF|s402 Ko|uhttps://publications.gc.ca/collections/collection_2010/pc-ch/CH4-150-2010-fra.pdf |